Amigo de palo / (Registro nro. 8890)
[ vista simple ]
| 000 -LEADER | |
|---|---|
| fixed length control field | 00851nam a22003017a 4500 |
| 001 - CONTROL NUMBER | |
| control field | 414892 |
| 003 - CONTROL NUMBER IDENTIFIER | |
| control field | DO-SdBNP |
| 005 - DATE AND TIME OF LATEST TRANSACTION | |
| control field | 20180226143319.0 |
| 007 - PHYSICAL DESCRIPTION FIXED FIELD--GENERAL INFORMATION | |
| fixed length control field | 414892 |
| 008 - FIXED-LENGTH DATA ELEMENTS--GENERAL INFORMATION | |
| fixed length control field | 940930r1993 sp | |||| ||spa |
| 016 7# - NATIONAL BIBLIOGRAPHIC AGENCY CONTROL NUMBER | |
| Source | BPMSU |
| 017 ## - COPYRIGHT OR LEGAL DEPOSIT NUMBER | |
| Copyright or legal deposit number | |
| Assigning agency | |
| 020 ## - INTERNATIONAL STANDARD BOOK NUMBER | |
| International Standard Book Number | 843482471X |
| 040 ## - CATALOGING SOURCE | |
| Original cataloging agency | BPMSU |
| Language of cataloging | spa |
| Transcribing agency | BPMSU |
| Description conventions | |
| 080 #0 - UNIVERSAL DECIMAL CLASSIFICATION NUMBER | |
| Universal Decimal Classification number | |
| 100 1# - MAIN ENTRY--PERSONAL NAME | |
| Personal name | López Narváez, Concha, |
| Dates associated with a name | 1939- |
| 245 1# - TITLE STATEMENT | |
| Title | Amigo de palo / |
| Statement of responsibility, etc. | Concha López Narváez ; ilustraciones de Tino Gatagán |
| 250 ## - EDITION STATEMENT | |
| Edition statement | 5ª ed. |
| 260 ## - PUBLICATION, DISTRIBUTION, ETC. (IMPRINT) | |
| Place of publication, distribution, etc. | Madrid : |
| Name of publisher, distributor, etc. | SM ; |
| Date of publication, distribution, etc. | 1993. |
| 300 ## - PHYSICAL DESCRIPTION | |
| Extent | 59 p.; |
| Other physical details | il.: |
| Dimensions | 20 cm. |
| 490 ## - SERIES STATEMENT | |
| Series statement | El barco de vapor. Serie blanca |
| Volume/sequential designation | 22 |
| 586 ## - AWARDS NOTE | |
| Awards note | Premio Lazarillo 1984 |
| 700 11 - ADDED ENTRY--PERSONAL NAME | |
| Personal name | Gatagán, Tino |
| Dates associated with a name | 1951-2005 |
| 830 #0 - SERIES ADDED ENTRY--UNIFORM TITLE | |
| Uniform title | El barco de vapor |
| Name of part/section of a work | Serie blanca |
| Volume number/sequential designation | 22 |
| 942 ## - ADDED ENTRY ELEMENTS (KOHA) | |
| Source of classification or shelving scheme | Dewey Decimal Classification |
| Koha item type | Libros |
| 945 ## - LOCAL PROCESSING INFORMATION (OCLC) | |
| a | Inventariado, 2018 /LP |
| 956 ## - LOCAL ELECTRONIC LOCATION AND ACCESS (OCLC) | |
| Access method | VMATEO |
| Materials specified | 10 |
| Linkage | 20151124 |
| Field link and sequence number | BPMSU |
| Host name | 00151 |
| Withdrawn status | Lost status | Source of classification or shelving scheme | Damaged status | Not for loan | Collection code | Home library | Current library | Date acquired | Source of acquisition | Total Checkouts | Barcode | Date last seen | Price effective from | Koha item type |
|---|---|---|---|---|---|---|---|---|---|---|---|---|---|---|
| Dewey Decimal Classification | Colección Infantil General | Biblioteca Pública Metropolitana Salomé Ureña | Biblioteca Pública Metropolitana Salomé Ureña | 11/24/2015 | FUNDI | BPMESU5110461 | 11/24/2015 | 11/24/2015 | Libros |